| 000 | 01024nam a2200265Ia 4500 | ||
|---|---|---|---|
| 003 | OSt | ||
| 005 | 20221005111847.0 | ||
| 006 | a|||||r|||| 00| 0 | ||
| 007 | ta | ||
| 008 | 221004b |||||||| |||| 00| 0 hin d | ||
| 020 |
_a9788385309250 (hbk) _c4500 |
||
| 024 | _a25710 | ||
| 037 |
_b372, 08/03/2016, Eastern Book Linkers _cTextual |
||
| 040 |
_aCRL _cCRL _bhin |
||
| 041 |
_2hin _ahin |
||
| 082 | _aND27374,9;4, Q6 | ||
| 100 | _aसुशान्त कुमार | ||
| 245 | 0 | _aदरभंगा प्रक्षेत्र की पाषाण प्रतिमाएॅं | |
| 246 | _aDarabhangā prakṣhetra kī pāṣhāṇ pratimāeॅan | ||
| 260 |
_aवाराणसी _bकला प्रकाशन भारत _c2016 |
||
| 300 |
_a240पृ0 _ccm. |
||
| 650 | _aल्थ्ल्त् क्ल्ज्ञ | ||
| 942 |
_hND27374,9;4, Q6 _cTEXL _2cc |
||
| 999 |
_c1023116 _d1023116 |
||